Sự kết nối giữa truyền thống và hiện đại trên phương diện thang âm - điệu thức của ca khúc thiếu nhi Việt Nam từ 1945 - 1975 /
Đã lưu trong:
| Tác giả chính: | |
|---|---|
| Định dạng: | Bài viết |
| Ngôn ngữ: | Vietnamese |
| Những chủ đề: | |
| Các nhãn: |
Thêm thẻ
Không có thẻ, Là người đầu tiên thẻ bản ghi này!
|
| Thư viện lưu trữ: | Thư viện Trường Đại học Đà Lạt |
|---|
| LEADER | 00883nam a2200265 4500 | ||
|---|---|---|---|
| 001 | DLU190189877 | ||
| 005 | ##20190318 | ||
| 040 | # | # | |a DLU |b vie |
| 041 | # | # | |a vie |
| 044 | # | # | |a vn |
| 100 | # | # | |a Nguyễn Thị Yến. |
| 245 | # | # | |a Sự kết nối giữa truyền thống và hiện đại trên phương diện thang âm - điệu thức của ca khúc thiếu nhi Việt Nam từ 1945 - 1975 / |c Nguyễn Thị Yến. |
| 653 | # | # | |a Âm nhạc Việt Nam |
| 653 | # | # | |a Điệu thức |
| 653 | # | # | |a Ca khúc thiếu nhi |
| 653 | # | # | |a Thang âm |
| 773 | # | # | |t Văn hoá dân gian |g Số 3(171), 2017, tr. 59-63 |
| 920 | # | # | |a Phòng Tạp chí -- Trung tâm Thông tin - Thư viện Trường Đại học Đà Lạt |
| 900 | # | # | |a True |
| 911 | # | # | |a Nguyễn Thị Thu Phương |
| 925 | # | # | |a G |
| 926 | # | # | |a A |
| 927 | # | # | |a BB |
| 980 | # | # | |a Thư viện Trường Đại học Đà Lạt |